Central Library OPAC University of Rajshahi

Practice in accountancy / (Record no. 54801)

MARC details
000 -LEADER
fixed length control field 00696nam a2200241 a 4500
001 - CONTROL NUMBER
control field 54801
003 - CONTROL NUMBER IDENTIFIER
rucl marc code BD-RjUL
005 - DATE AND TIME OF LATEST TRANSACTION
control field 20211209080154.0
008 - FIXED-LENGTH DATA ELEMENTS--GENERAL INFORMATION
fixed length control field 170118m19961994ii a|||| |||| 00| 0 eng d
035 ## - SYSTEM CONTROL NUMBER
System control number (BD-RjUL)54923
040 ## - CATALOGING SOURCE
Original cataloging agency BD-RjUL
Language of cataloging eng
Transcribing agency BD-RjUL
Modifying agency BD-RjUL
041 ## - LANGUAGE CODE
Language code of text/sound track or separate title eng
082 00 - DEWEY DECIMAL CLASSIFICATION NUMBER
Classification number 657
Author mark and year BAP 1996
Edition number 23
100 ## - MAIN ENTRY--PERSONAL NAME
Personal name Basu, Sankar Prasad
9 (RLIN) 138507
245 ## - TITLE STATEMENT
Title Practice in accountancy /
Statement of responsibility, etc. By Sankar Prasad Basu and Monilal Das
250 ## - EDITION STATEMENT
Edition statement 7th ed.
260 ## - PUBLICATION, DISTRIBUTION, ETC. (IMPRINT)
Place of publication, distribution, etc. Calcutta :
Name of publisher, distributor, etc. Rabindra library,
Date of publication, distribution, etc. 1994 [Reprint 1996,1997].
300 ## - PHYSICAL DESCRIPTION
Pagination v. :
Illustrations ill. ;
Size 24 cm.
505 #0 - FORMATTED CONTENTS NOTE
Formatted contents note V.1 -- V. 2 --
650 ## - SUBJECT ADDED ENTRY--TOPICAL TERM
Topical term or geographic name as entry element Accounting.
9 (RLIN) 163364
700 ## - ADDED ENTRY--PERSONAL NAME
Personal name Das, Monilal
942 ## - ADDED ENTRY ELEMENTS (KOHA)
Source of classification or shelving scheme Dewey Decimal Classification
Koha item type Books
Holdings
Lost status Source of classification or shelving scheme Damaged status Not for loan Collection code Permanent Location Current Location Shelving location Date acquired Source of acquisition Cost, normal purchase price Total Checkouts Full call number Date last seen Copy number Koha item type Date checked out
  Dewey Decimal Classification   Not For Loan Non-fiction Central Library, University of Rajshahi Central Library, University of Rajshahi Reading Room 26/06/1999 Aligarh library, Dhaka 170.00   657 BAP V-1 1996 10/11/2016 C-1 Books  
  Dewey Decimal Classification     Non-fiction Central Library, University of Rajshahi Central Library, University of Rajshahi   01/07/1999 Rajshahi new Mohizuddin and Sons 170.00 2 657 BAP V-1 1995 12/04/2018 C-2 Books 25/03/2018
  Dewey Decimal Classification   Not For Loan Non-fiction Central Library, University of Rajshahi Central Library, University of Rajshahi   26/06/1999 Aligorh Library, Dhaka 17.00   657 BAP V-1 1996 18/01/2017 C-3 Books  
  Dewey Decimal Classification   Not For Loan Non-fiction Central Library, University of Rajshahi Central Library, University of Rajshahi Reading Room 26/06/1999 Aligar Library, Dhaka 180.00   657 BAP V 1997 16/03/2019 C-1 Books